Library Banner

Communities of practice: (Record no. 17162)

MARC details
000 -LEADER
fixed length control field 00458nam a2200169Ia 4500
001 - CONTROL NUMBER
control field 16719
008 - FIXED-LENGTH DATA ELEMENTS--GENERAL INFORMATION
fixed length control field 140404s9999 xx 000 0 und d
020 ## - INTERNATIONAL STANDARD BOOK NUMBER
International Standard Book Number 0-521-43017-8
040 ## - CATALOGING SOURCE
Transcribing agency PK-LaUMT
082 ## - DEWEY DECIMAL CLASSIFICATION NUMBER
Classification number 307
Item number WEN-C
100 ## - MAIN ENTRY--PERSONAL NAME
Personal name Etienne Wenger
245 ## - TITLE STATEMENT
Title Communities of practice:
Remainder of title Learning, meaning, and identity.
Statement of responsibility, etc Etienne Wenger
260 ## - PUBLICATION, DISTRIBUTION, ETC. (IMPRINT)
Place of publication, distribution, etc Cambridge,USA:
Name of publisher, distributor, etc Cambridge University Press,
Date of publication, distribution, etc 1999
300 ## - PHYSICAL DESCRIPTION
Extent 318 p.
546 ## - LANGUAGE NOTE
Language note EN
942 ## - ADDED ENTRY ELEMENTS (KOHA)
Koha item type Books
Holdings
Withdrawn status Lost status Damaged status Not for loan Home library Current library Date acquired Total Checkouts Full call number Barcode Date last seen Price effective from Koha item type
        UMT Main Campus UMT Main Campus 2014-04-04   307 WEN-C 19458 2014-04-22 2014-04-22 Books